书目信息 |
| 题名: |
2050中国
|
|
| 作者: | 胡鞍钢 著 | |
| 分册: | ||
| 出版信息: | 杭州 浙江人民出版社 2017.09 |
|
| 页数: | 151页 | |
| 开本: | 20cm | |
| 丛书名: | ||
| 单 册: | ||
| 中图分类: | D61 | |
| 科图分类: | ||
| 主题词: | 政治--中国 | |
| 电子资源: | ||
| ISBN: | 7-213-08313-9 | |
| 000 | 00659nam0 2200205 450 | |
| 001 | 2655344378 | |
| 005 | 20260413152403.01 | |
| 010 | @a7-213-08313-9@dCNY42.00 | |
| 100 | @a20260413d2017 km y0chiy0120 ea | |
| 101 | 0 | @achi |
| 102 | @aCN@b330000 | |
| 200 | 1 | @a2050中国@A2050 Zhong Guo@e全面实现社会主义现代化@f胡鞍钢等著@FHu An Gang Deng Zhu |
| 210 | @a杭州@c浙江人民出版社@d2017.09 | |
| 215 | @a151页@d20cm | |
| 517 | 1 | @a全面实现社会主义现代化@AQuan Mian Shi Xian She Hui Zhu Yi Xian Dai Hua |
| 606 | 0 | @a政治@x中国 |
| 690 | @aD61@v4 | |
| 701 | 0 | @a胡鞍钢@AHu An Gang@4著 |
| 801 | 0 | @aCN@b大连网信软件有限公司图书馆·11@c20260413 |
| 905 | @aZUCC@dD61@eZW4 | |
| 2050中国:全面实现社会主义现代化/胡鞍钢等著.-杭州:浙江人民出版社,2017.09 |
| 151页;20cm |
| ISBN 7-213-08313-9:CNY42.00 |
| ● |
| 相关链接 |
|
|
|
|
正题名:2050中国
索取号:D61/ZW4
 
预约/预借
| 序号 | 登录号 | 条形码 | 馆藏地/架位号 | 状态 | 备注 |
| 1 | 6606083 | 266060834 | 密集书库-文学院/ [索取号:D61/ZW4] | 在馆 |